书目信息 |
| 题名: |
马克思主义哲学前沿问题研究
|
|
| 作者: | 庞元正 , 董德刚 主编 | |
| 分册: | ||
| 出版信息: | 北京 中共中央党校出版社 2004.03 |
|
| 页数: | 386页 | |
| 开本: | 21cm | |
| 丛书名: | ||
| 单 册: | ||
| 中图分类: | B0-0 | |
| 科图分类: | ||
| 主题词: | 马克思主义哲学--ma ke si zhu yi zhe xue--研究生--教材 | |
| 电子资源: | ||
| ISBN: | 7-5035-2911-3 | |
| 000 | 01155nam0 2200253 450 | |
| 001 | 012006789357 | |
| 005 | 20060313162931.34 | |
| 010 | @a7-5035-2911-3@dCNY22.00 | |
| 100 | @a20060313d2004 km y0chiy0120 ea | |
| 101 | 0 | @achi |
| 102 | @aCN@b110000 | |
| 105 | @ay a 000yy | |
| 200 | 1 | @a马克思主义哲学前沿问题研究@Ama ke si zhu yi zhe xue qian yan wen ti yan jiu@f庞元正, 董德刚主编@Fpang yuan zheng,dong de gang zhu bian |
| 210 | @a北京@c中共中央党校出版社@d2004.03 | |
| 215 | @a386页@d21cm | |
| 320 | @a有书目。 | |
| 330 | @a该书系中共中央党校研究生教学用书。全书共十四章,主要内容包括实践唯物主义新境界、辩证决定论的新建构、系统理论与矛盾学说、感性直观到悟性体验、社会认识论的新视野、价值论基本问题研究、历史决定论与选择论、历史过程的主体特征、当代中国的人学理论、马克思主义利益理论、我国现阶段利益矛盾、新世纪发展哲学探讨、创新实践与社会进步、历史唯物主义方法论。 | |
| 333 | @a中共中央党校研究生教材。 | |
| 606 | 0 | @a马克思主义哲学@Ama ke si zhu yi zhe xue@x研究生@j教材 |
| 690 | @aB0-0@v4 | |
| 701 | 0 | @a庞元正@Apang yuan zheng@4主编 |
| 701 | 0 | @a董德刚@Adong de gang@4主编 |
| 801 | 0 | @aCN@bQSSK@c20060313 |
| 905 | @a10447@dB0-0@eP349 | |
| 马克思主义哲学前沿问题研究/庞元正, 董德刚主编.-北京:中共中央党校出版社,2004.03 |
| 386页;21cm |
| 使用对象:中共中央党校研究生教材。 |
| ISBN 7-5035-2911-3:CNY22.00 |
| 该书系中共中央党校研究生教学用书。全书共十四章,主要内容包括实践唯物主义新境界、辩证决定论的新建构、系统理论与矛盾学说、感性直观到悟性体验、社会认识论的新视野、价值论基本问题研究、历史决定论与选择论、历史过程的主体特征、当代中国的人学理论、马克思主义利益理论、我国现阶段利益矛盾、新世纪发展哲学探讨、创新实践与社会进步、历史唯物主义方法论。 |
| ● |
| 相关链接 |
|
|
|
正题名:马克思主义哲学前沿问题研究
索取号:B0-0/P349
 
预约/预借
| 序号 | 登录号 | 条形码 | 馆藏地/架位号 | 状态 | 备注 |
| 1 | 555787 | 205557878 | 社科库509/509社科库 7排1列1层/ [索取号:B0-0/P349] | 在馆 | |
| 2 | 555788 | 205557887 | 社科库509/509社科库 7排1列1层/ [索取号:B0-0/P349] | 在馆 | |
| 3 | 555789 | 205557896 | 社科库509/509社科库 7排1列1层/ [索取号:B0-0/P349] | 在馆 |